000 00535nam a2200193Ia 4500
005 20260120131445.0
008 008 260114s9999 xx 000 0 eng d
020 _a9780191850028
037 _aEBOOK
040 _aCRL
_beng
_cCRL
041 _aeng
_2eng
084 _qCRL
100 _aMetcalf, Reid, Cohen
_9927223
245 0 _aModern Fortran Explained
260 _bOxford University PressOxford University Press
_c2018
856 _uhttps://academic.oup.com/book/26799
942 _cEBOOK
999 _c1519139
_d1519139